000 00701nam a22002055i 4500
001 162092
003 ES-MaACL
005 20250816062550.0
008 020902s1875 fr |||| | fre d
040 _aCCPB | B
_bspa
_cCCPB | B
100 1 _aPictet, Paul (
_d1862)
_9131138
245 1 0 _aDu beau dans la nature, l'art et la poésie
_b: études esthétiques /
_cpar Adolphe Pictet.
250 _aNouvelle éd.
260 _aParis :
_bSandoz et Fischbacher, libraires-éditeurs,
_c1875 (
_ftyp. de Ch. Meyrueis)
300 _aIII, 386 p. ;
_c18 cm.
650 7 _aEstética
_2embne
_9142387
752 _aFrancia -
_dParís
852 _aES-MaACL
_jD-2553
_z-- Enc. hol.
999 _c162092
_d162092